[Event "DEM U14 2013"]
[Site "Oberhof GER"]
[Date "2013.05.24"]
[Round "8"]
[White "Perske, Thore"]
[Black "Greßmann, Moritz"]
[Result "1-0"]
[Termination "normal"]
[Board "1"]
[WhiteElo "2158"]
[BlackElo "1883"]
[PlyCount "93"]
[WhiteFideId "12902195"]
[BlackFideId "24695084"]
[EventCountry "GER"]
[EventRounds "9"]
[EventType "swiss"]
[EventDate "2013.05.18"]

1. e4 e5 2. Nf3 Nc6 3. Bb5 a6 4. Ba4 Nf6 5. O-O Be7 6. Re1 b5 7. Bb3 d6 8. c3
O-O 9. h3 Na5 10. Bc2 c5 11. d4 Nd7 12. Kh1 Qc7 13. d5 Nb6 14. Nbd2 f5 15. exf5
Nxd5 16. Nb3 Nf6 17. Nxa5 Qxa5 18. Ng5 Ra7 19. f4 Qc7 20. Ne6 Bxe6 21. fxe6
exf4 22. Bxf4 Qc6 23. Qe2 d5 24. Rad1 Raa8 25. Bg5 Rad8 26. Rf1 Rde8 27. Rf2
Bd8 28. Re1 d4 29. cxd4 cxd4 30. Bb3 Kh8 31. Ref1 a5 32. a3 Be7 33. Qd3 Ne4 34.
Rxf8+ Rxf8 35. Rxf8+ Bxf8 36. Qf3 Bd6 37. e7 Bxe7 38. Qf7 Qc8 39. Bxe7 Qc1+ 40.
Kh2 Qc7+ 41. Kg1 Qc1+ 42. Kh2 Qc7+ 43. Kh1 Qc1+ 44. Bd1 Qc8 45. Bf3 Qc1+ 46.
Bd1 Qc8 47. Qf4 1-0

[Event "DEM U14 2013"]
[Site "Oberhof GER"]
[Date "2013.05.24"]
[Round "8"]
[White "Kololli, Kevin"]
[Black "Sawlin, Leonid"]
[Result "1/2-1/2"]
[Termination "normal"]
[Board "2"]
[WhiteElo "1827"]
[BlackElo "1952"]
[PlyCount "76"]
[WhiteFideId "12936863"]
[BlackFideId "4689542"]
[EventCountry "GER"]
[EventRounds "9"]
[EventType "swiss"]
[EventDate "2013.05.18"]

1. f4 d5 2. Nf3 g6 3. g3 Bg7 4. Bg2 c5 5. d3 Nf6 6. O-O O-O 7. Qe1 Nc6 8. e4
dxe4 9. dxe4 e5 10. Nc3 Re8 11. fxe5 Ng4 12. Bg5 Qb6 13. Nd5 Qxb2 14. Nc7 Be6
15. Nxa8 Rxa8 16. Rb1 Qxc2 17. Rxb7 Bc4 18. Qb1 Qe2 19. Rb2 Qd3 20. Qxd3 Bxd3
21. Rc1 Ncxe5 22. Rb7 Nxf3+ 23. Bxf3 Bd4+ 24. Kg2 Ne5 25. Bd2 Re8 26. Re1 c4
27. Rc7 Rb8 28. Bc1 Kg7 29. h4 h5 30. Be2 Bxe4+ 31. Kh2 Bf5 32. Rxc4 Nxc4 33.
Bxc4 Rb1 34. Bb3 Kh7 35. Bxf7 Bc3 36. Rg1 Bd4 37. Rh1 Bb2 38. Be3 Rxh1+ 1/2-1/2

[Event "DEM U14 2013"]
[Site "Oberhof GER"]
[Date "2013.05.24"]
[Round "8"]
[White "Gretz, Denis"]
[Black "Höglauer, Patrick"]
[Result "0-1"]
[Termination "normal"]
[Board "3"]
[WhiteElo "1912"]
[BlackElo "1928"]
[PlyCount "76"]
[WhiteFideId "12945188"]
[BlackFideId "1270548"]
[EventCountry "GER"]
[EventRounds "9"]
[EventType "swiss"]
[EventDate "2013.05.18"]

1. e4 c5 2. Nf3 a6 3. d4 cxd4 4. Nxd4 Nf6 5. Nc3 e5 6. Nf3 Bb4 7. Bd2 Nc6 8.
Bc4 O-O 9. O-O d6 10. Re1 Bg4 11. h3 Bxf3 12. Qxf3 Nd4 13. Qd1 Rc8 14. Bb3 Nxb3
15. axb3 Qd7 16. Ra4 Bc5 17. Bg5 Qe6 18. Bxf6 Qxf6 19. Qd2 Qe6 20. b4 Bd4 21.
Nd5 f5 22. c3 fxe4 23. Ne7+ Qxe7 24. cxd4 d5 25. Ra5 Rfd8 26. Rd1 exd4 27. Qxd4
Rc4 28. Qa7 d4 29. b5 Qc7 30. b4 Rxb4 31. Rxa6 Rxb5 32. Ra4 Rc5 33. Rb4 Rc1 34.
Qa2+ Kh8 35. Qd2 Rxd1+ 36. Qxd1 Qd7 37. Qb1 d3 38. Rxb7 Qxb7 0-1

[Event "DEM U14 2013"]
[Site "Oberhof GER"]
[Date "2013.05.24"]
[Round "8"]
[White "Kololli, Martin"]
[Black "Baskin, Robert"]
[Result "1-0"]
[Termination "normal"]
[Board "4"]
[WhiteElo "1816"]
[BlackElo "2157"]
[PlyCount "55"]
[WhiteFideId "12936910"]
[BlackFideId "24662402"]
[EventCountry "GER"]
[EventRounds "9"]
[EventType "swiss"]
[EventDate "2013.05.18"]

1. e4 c5 2. c3 d5 3. exd5 Qxd5 4. d4 g6 5. Nf3 Bg7 6. Be3 cxd4 7. cxd4 Nf6 8.
Nc3 Qa5 9. Bc4 O-O 10. O-O Nbd7 11. Bb3 Nb6 12. Re1 e6 13. Qd2 Qb4 14. Bh6 Bd7
15. Bxg7 Kxg7 16. Ne5 Ba4 17. Re3 Bxb3 18. axb3 Nbd5 19. Rh3 h5 20. Qg5 Qxd4
21. Ra4 Qc5 22. Nxd5 Qxd5 23. Rd3 Qc5 24. Rf3 Qe7 25. Raf4 Rad8 26. g3 Rd1+ 27.
Kg2 Rd5 28. Rxf6 1-0

[Event "DEM U14 2013"]
[Site "Oberhof GER"]
[Date "2013.05.24"]
[Round "8"]
[White "Pallas, Sebastian"]
[Black "Vogel, Roven"]
[Result "0-1"]
[Termination "normal"]
[Board "5"]
[WhiteElo "1897"]
[BlackElo "2065"]
[PlyCount "76"]
[WhiteFideId "12905453"]
[BlackFideId "12908088"]
[EventCountry "GER"]
[EventRounds "9"]
[EventType "swiss"]
[EventDate "2013.05.18"]

1. e4 d6 2. d4 Nf6 3. Nc3 g6 4. f4 Bg7 5. Nf3 O-O 6. Bd3 Nc6 7. e5 dxe5 8. fxe5
Nd5 9. Nxd5 Qxd5 10. c3 Bg4 11. O-O Rad8 12. Bc2 Bxe5 13. Qe1 Bxf3 14. Rxf3 Bg7
15. Bb3 Qd7 16. Bg5 Rde8 17. Qf2 e6 18. Bf6 Bxf6 19. Rxf6 Ne7 20. g4 Nd5 21.
Rf3 e5 22. dxe5 Qxg4+ 23. Rg3 Qe6 24. Re1 a6 25. Qc5 c6 26. c4 Nc7 27. Ree3 Qf5
28. Re2 Ne6 29. Qf2 Nf4 30. Ree3 Rxe5 31. Bc2 Qf6 32. Rgf3 Qg5+ 33. Kh1 Rxe3
34. Rxe3 Ne6 35. h4 Qc5 36. b3 Rd8 37. Be4 Rd4 38. Qg3 Kg7 0-1

[Event "DEM U14 2013"]
[Site "Oberhof GER"]
[Date "2013.05.24"]
[Round "8"]
[White "Rausch, Adrian"]
[Black "Nguyen, Huy Dat"]
[Result "1/2-1/2"]
[Termination "normal"]
[Board "6"]
[WhiteElo "1750"]
[BlackElo "1814"]
[PlyCount "40"]
[WhiteFideId "12929069"]
[BlackFideId "12923486"]
[EventCountry "GER"]
[EventRounds "9"]
[EventType "swiss"]
[EventDate "2013.05.18"]

1. d4 Nf6 2. c4 e6 3. Nc3 Bb4 4. Nf3 O-O 5. Bd2 b6 6. g3 Bb7 7. Bg2 d5 8. cxd5
Nxd5 9. Nxd5 Bxd2+ 10. Qxd2 Bxd5 11. O-O Nd7 12. Qc3 c5 13. Rfd1 Qe7 14. Ne5
Nxe5 15. dxe5 Rfd8 16. e4 Bb7 17. Qc2 Rac8 18. Rac1 Rxd1+ 19. Rxd1 Rd8 20. Rd2
Kf8 1/2-1/2

[Event "DEM U14 2013"]
[Site "Oberhof GER"]
[Date "2013.05.24"]
[Round "8"]
[White "Schmidt, Tobias"]
[Black "Flüchter, Gregor"]
[Result "1/2-1/2"]
[Termination "normal"]
[Board "7"]
[WhiteElo "1924"]
[BlackElo "2002"]
[PlyCount "47"]
[WhiteFideId "1271683"]
[BlackFideId "12903396"]
[EventCountry "GER"]
[EventRounds "9"]
[EventType "swiss"]
[EventDate "2013.05.18"]

1. e4 c5 2. c3 Nf6 3. e5 Nd5 4. Nf3 Nc6 5. Bc4 Nb6 6. Bb3 d5 7. exd6 c4 8. Bc2
e5 9. O-O Be6 10. b3 Bxd6 11. Ba3 Bxa3 12. Nxa3 O-O 13. Qe2 cxb3 14. axb3 Re8
15. Rfd1 Bg4 16. h3 Bh5 17. Qe4 Bg6 18. Qh4 Bxc2 19. Qxd8 Raxd8 20. Nxc2 Nd5
21. Kf1 a6 22. Rab1 Re7 23. Re1 f6 24. g3 1/2-1/2

[Event "DEM U14 2013"]
[Site "Oberhof GER"]
[Date "2013.05.24"]
[Round "8"]
[White "Mager, Denis"]
[Black "Urban, Konstantin"]
[Result "1/2-1/2"]
[Termination "normal"]
[Board "8"]
[WhiteElo "2006"]
[BlackElo "1819"]
[PlyCount "83"]
[WhiteFideId "24691127"]
[BlackFideId "12927511"]
[EventCountry "GER"]
[EventRounds "9"]
[EventType "swiss"]
[EventDate "2013.05.18"]

1. d4 Nf6 2. Nf3 g6 3. c4 Bg7 4. Nc3 O-O 5. e4 d6 6. Be2 e5 7. d5 Nbd7 8. Bg5
h6 9. Bh4 a5 10. Nd2 Nc5 11. b3 Qd7 12. a3 Ne8 13. f3 f5 14. Rb1 Qf7 15. b4
axb4 16. axb4 Nd7 17. Bf2 b6 18. Qc2 f4 19. Nb5 Bf6 20. O-O Bd8 21. Rfc1 g5 22.
Nb3 h5 23. c5 Ndf6 24. cxd6 cxd6 25. Ra1 Rxa1 26. Rxa1 Bd7 27. Ra8 Ng7 28. Nxd6
Qg6 29. Qc3 Nh7 30. Nb7 Bf6 31. Rxf8+ Nxf8 32. Bxb6 g4 33. Bd8 Bxd8 34. Nxd8
Qb6+ 35. Nc5 Qxd8 36. Qxe5 Qb6 37. Qxf4 Qxb4 38. Nxd7 Qd4+ 39. Kf1 Nxd7 40.
fxg4 hxg4 41. Qc7 Qf6+ 42. Ke1 1/2-1/2

[Event "DEM U14 2013"]
[Site "Oberhof GER"]
[Date "2013.05.24"]
[Round "8"]
[White "Schröder, Kevin"]
[Black "Riehle, Marco"]
[Result "1-0"]
[Termination "normal"]
[Board "9"]
[WhiteElo "2046"]
[BlackElo "1876"]
[PlyCount "117"]
[WhiteFideId "12929840"]
[BlackFideId "12904392"]
[EventCountry "GER"]
[EventRounds "9"]
[EventType "swiss"]
[EventDate "2013.05.18"]

1. e4 e5 2. Nf3 Nc6 3. Bb5 f5 4. Nc3 fxe4 5. Nxe4 d5 6. Nxe5 dxe4 7. Nxc6 Qg5
8. Qe2 Nf6 9. Ne5+ c6 10. Nxc6 a6 11. Nd4+ axb5 12. Qxb5+ Qxb5 13. Nxb5 Kf7 14.
b3 Bd7 15. Nc3 Bc5 16. Bb2 b5 17. O-O b4 18. Nd1 Bb5 19. Re1 Rhd8 20. c4 Bc6
21. Re2 Bd4 22. Bxd4 Rxd4 23. Ne3 Rd3 24. Nc2 Rb8 25. Rd1 Rd7 26. h3 Ra7 27.
Nd4 Bd7 28. d3 Rba8 29. dxe4 Rxa2 30. e5 Rxe2 31. Nxe2 Bg4 32. f3 Ra2 33. Nc1
Ra1 34. hxg4 Ne8 35. Re1 Rb1 36. Kf2 Nc7 37. Ke3 Ne6 38. Kd3 Rb2 39. g3 Nc5+
40. Ke3 Nxb3 41. Nd3 Rc2 42. Nxb4 Rxc4 43. Nd3 Rc3 44. f4 Ke6 45. f5+ Kd5 46.
e6 Kd6 47. Kf4 h6 48. e7 Rc4+ 49. Kf3 Nd4+ 50. Kf2 Rc2+ 51. Ke3 Nxf5+ 52. gxf5
Kxe7 53. Kf4+ Kf6 54. Re6+ Kf7 55. Ne5+ Kg8 56. Re8+ Kh7 57. Ng6 Rf2+ 58. Kg4
h5+ 59. Kg5 1-0

[Event "DEM U14 2013"]
[Site "Oberhof GER"]
[Date "2013.05.24"]
[Round "8"]
[White "Nothnagel, Marian Can"]
[Black "Kollars, Dmitrij"]
[Result "0-1"]
[Termination "normal"]
[Board "10"]
[WhiteElo "1785"]
[BlackElo "2027"]
[PlyCount "114"]
[WhiteFideId "12921530"]
[BlackFideId "12909572"]
[EventCountry "GER"]
[EventRounds "9"]
[EventType "swiss"]
[EventDate "2013.05.18"]

1. d4 Nf6 2. c4 g6 3. Nc3 Bg7 4. e4 d6 5. Nf3 O-O 6. Be2 e5 7. O-O Nc6 8. d5
Ne7 9. Be3 Ng4 10. Bd2 f5 11. exf5 gxf5 12. Ng5 Nf6 13. f4 e4 14. Be3 c6 15.
Rc1 h6 16. Ne6 Bxe6 17. dxe6 Ne8 18. Bh5 d5 19. cxd5 cxd5 20. Bd4 Nf6 21. Bf7+
Kh7 22. Qb3 b6 23. Rfd1 Rc8 24. Ne2 Nc6 25. Qg3 Ne7 26. Qh4 Ng6 27. Qh3 Ng4 28.
Bxg7 Kxg7 29. Qh5 Qf6 30. h3 Ne3 31. Re1 Nh8 32. Rxc8 Rxc8 33. Ng3 Nxf7 34.
exf7 d4 35. Qe2 Kxf7 36. Qa6 Rc7 37. Qa4 Nd5 38. Nxf5 Qxf5 39. Qxd4 Re7 40. g4
Qe6 41. Qh8 e3 42. Qh7+ Ke8 43. Qh8+ Kd7 44. Rc1 Nc7 45. Rd1+ Kc6 46. Qb8 e2
47. Rc1+ Kb5 48. a4+ Kb4 49. Re1 Qe3+ 50. Kg2 Qe4+ 51. Kg3 Qe3+ 52. Kg2 Qxf4
53. Qd8 Rf7 54. Ra1 Qf2+ 55. Kh1 e1=Q+ 56. Rxe1 Qxe1+ 57. Kh2 Qe2+ 0-1

[Event "DEM U14 2013"]
[Site "Oberhof GER"]
[Date "2013.05.24"]
[Round "8"]
[White "Herbrig, Alexander"]
[Black "Ovsepyan, Arshak"]
[Result "0-1"]
[Termination "normal"]
[Board "11"]
[WhiteElo "1774"]
[BlackElo "1997"]
[PlyCount "136"]
[WhiteFideId "12952044"]
[BlackFideId "24690236"]
[EventCountry "GER"]
[EventRounds "9"]
[EventType "swiss"]
[EventDate "2013.05.18"]

1. e4 e6 2. d4 d5 3. Nd2 Nc6 4. c3 dxe4 5. Nxe4 Qd5 6. Bd3 e5 7. Qe2 Be6 8.
dxe5 Nxe5 9. Bc2 O-O-O 10. Bg5 f6 11. Be3 Qc4 12. b3 Nd3+ 13. Bxd3 Qxd3 14.
Qxd3 Rxd3 15. Ke2 Rd8 16. Nf3 Bd5 17. Ng3 g6 18. Rad1 Bh6 19. Bxh6 Nxh6 20.
Rhe1 f5 21. Kf1 Bxf3 22. gxf3 Rxd1 23. Rxd1 Rd8 24. Rxd8+ Kxd8 25. Ke2 Ke7 26.
h3 Nf7 27. f4 Kf6 28. Ke3 c5 29. f3 Nd6 30. Ne2 b6 31. Ng3 g5 32. Ne2 h6 33.
Ng3 Nf7 34. Nh5+ Kg6 35. Ng3 Nd8 36. Ne2 Ne6 37. c4 Kf6 38. fxg5+ Kxg5 39. Kf2
Kh4 40. Kg2 a6 41. Kh2 Ng5 42. Ng1 f4 43. a3 Ne6 44. Ne2 Kg5 45. Kg2 Kf5 46.
Kf2 Ke5 47. h4 Nd4 48. Nc1 Nc2 49. Nd3+ Kd4 50. Nxf4 Nxa3 51. Ne2+ Ke5 52. Nc3
b5 53. cxb5 axb5 54. Kg3 b4 55. f4+ Kf5 56. Ne2 c4 57. Nd4+ Ke4 58. f5 Kxd4 59.
f6 cxb3 60. f7 b2 61. f8=Q b1=Q 62. Qd6+ Kc3 63. Qc6+ Kb2 64. Qxh6 Qd3+ 65. Kg4
b3 66. Qf6+ Qc3 67. Qe6 Ka1 68. Qf7 Qc4+ 0-1

[Event "DEM U14 2013"]
[Site "Oberhof GER"]
[Date "2013.05.24"]
[Round "8"]
[White "Balazs, Balint"]
[Black "Lagunow, Raphael"]
[Result "0-1"]
[Termination "normal"]
[Board "12"]
[WhiteElo "1857"]
[BlackElo "1940"]
[PlyCount "90"]
[WhiteFideId "12922757"]
[BlackFideId "24652644"]
[EventCountry "GER"]
[EventRounds "9"]
[EventType "swiss"]
[EventDate "2013.05.18"]

1. e4 c5 2. Nf3 Nc6 3. d4 cxd4 4. Nxd4 g6 5. c4 Bg7 6. Nc2 d6 7. Be2 Nh6 8. Nc3
f5 9. O-O O-O 10. Bg5 Nf7 11. Be3 fxe4 12. Nxe4 Bxb2 13. Rb1 Bg7 14. Nd4 Bxd4
15. Bxd4 Bf5 16. Bf3 Nxd4 17. Qxd4 b6 18. Rbc1 Rc8 19. Rfe1 Ne5 20. Ng5 Nxf3+
21. Nxf3 Rc5 22. Ng5 e5 23. Qh4 Rf7 24. Rcd1 Rfc7 25. Qh6 Qe7 26. f4 Qg7 27.
Qh4 h6 28. Nf3 e4 29. Nd4 Rxc4 30. Nxf5 gxf5 31. Rxd6 Rc1 32. h3 R1c2 33. Qd8+
Kh7 34. Rd2 Rxd2 35. Qxd2 Rd7 36. Qc2 Qd4+ 37. Kf1 Qd2 38. Qxd2 Rxd2 39. g4
Rxa2 40. gxf5 Ra4 41. Ke2 Kg7 42. Rg1+ Kf6 43. Rg6+ Kxf5 44. Rxh6 Kxf4 45. Rf6+
Kg5 0-1

[Event "DEM U14 2013"]
[Site "Oberhof GER"]
[Date "2013.05.24"]
[Round "8"]
[White "Hartge, Gedeon"]
[Black "Bergauz, Noam"]
[Result "0-1"]
[Termination "normal"]
[Board "13"]
[WhiteElo "1781"]
[BlackElo "1900"]
[PlyCount "46"]
[WhiteFideId "12932116"]
[BlackFideId "12938033"]
[EventCountry "GER"]
[EventRounds "9"]
[EventType "swiss"]
[EventDate "2013.05.18"]

1. d4 Nf6 2. c4 a6 3. Nc3 c5 4. d5 b5 5. cxb5 axb5 6. Nxb5 Qa5+ 7. Nc3 Bb7 8.
Bd2 Qb6 9. e4 e6 10. dxe6 fxe6 11. Bd3 Nc6 12. a3 Ne5 13. Bf4 Bd6 14. Bxe5 Bxe5
15. Qc2 c4 16. Bf1 Bxc3+ 17. bxc3 Bxe4 18. Qc1 O-O 19. f3 Bd3 20. Ne2 Nd5 21.
Nd4 e5 22. Bxd3 cxd3 23. Qg5 h6 0-1

[Event "DEM U14 2013"]
[Site "Oberhof GER"]
[Date "2013.05.24"]
[Round "8"]
[White "Herzum, Peter"]
[Black "Ehmann, Thilo"]
[Result "1/2-1/2"]
[Termination "normal"]
[Board "14"]
[WhiteElo "1882"]
[BlackElo "1878"]
[PlyCount "67"]
[WhiteFideId "12919217"]
[BlackFideId "12940968"]
[EventCountry "GER"]
[EventRounds "9"]
[EventType "swiss"]
[EventDate "2013.05.18"]

1. e4 c5 2. Nf3 Nc6 3. Bb5 Nf6 4. Nc3 a6 5. Bxc6 dxc6 6. O-O g6 7. d3 Bg7 8. h3
O-O 9. Be3 b6 10. a4 a5 11. Nd2 Ba6 12. f4 Ne8 13. Nf3 Qc7 14. Qe1 Nd6 15. Qh4
e6 16. g4 f6 17. Kh2 Nf7 18. Rg1 e5 19. f5 c4 20. fxg6 hxg6 21. g5 fxg5 22.
Nxg5 Nxg5 23. Rxg5 Rf6 24. Rag1 Qd6 25. d4 Re6 26. d5 cxd5 27. exd5 Rf6 28. Qe4
Kf7 29. R5g3 Rg8 30. Bg5 Rf5 31. Be3 Rf6 32. Bg5 Rf5 33. Be3 Rf6 34. Bg5
1/2-1/2

[Event "DEM U14 2013"]
[Site "Oberhof GER"]
[Date "2013.05.24"]
[Round "8"]
[White "Kitze, Alexander"]
[Black "Schmekel, Florian"]
[Result "1-0"]
[Termination "normal"]
[Board "15"]
[WhiteElo "1992"]
[BlackElo "1570"]
[PlyCount "85"]
[WhiteFideId "12914827"]
[BlackFideId "12913456"]
[EventCountry "GER"]
[EventRounds "9"]
[EventType "swiss"]
[EventDate "2013.05.18"]

1. e4 c5 2. Nf3 Nc6 3. d4 cxd4 4. Nxd4 g6 5. Nc3 Bg7 6. Be3 Nf6 7. Bc4 O-O 8.
Bb3 Qa5 9. O-O d6 10. h3 Bd7 11. f4 Nxd4 12. Bxd4 Bc6 13. Qe2 e5 14. fxe5 dxe5
15. Bf2 Qb4 16. a3 Qa5 17. Bh4 Nh5 18. Qc4 Nf4 19. Be7 Rfe8 20. Qxf7+ Kh8 21.
Bf6 Qc5+ 22. Kh2 Qf8 23. Bxg7+ Qxg7 24. Qxg7+ Kxg7 25. Nd5 Rad8 26. Rad1 Ne6
27. Nf6 Re7 28. Rxd8 Nxd8 29. g4 h6 30. h4 Ne6 31. Bxe6 Rxe6 32. Nd5 Re8 33. c4
Rf8 34. Rxf8 Kxf8 35. b4 a6 36. g5 hxg5 37. hxg5 Kf7 38. Kg3 Ke6 39. Kf3 b5 40.
Nc7+ Kd6 41. Nxa6 bxc4 42. Nc5 c3 43. Ke2 1-0

[Event "DEM U14 2013"]
[Site "Oberhof GER"]
[Date "2013.05.24"]
[Round "8"]
[White "Spitzl, Vinzent"]
[Black "Berezhnoy, Alex"]
[Result "1/2-1/2"]
[Termination "normal"]
[Board "16"]
[WhiteElo "1806"]
[BlackElo "1719"]
[PlyCount "112"]
[WhiteFideId "12901253"]
[BlackFideId "12918997"]
[EventCountry "GER"]
[EventRounds "9"]
[EventType "swiss"]
[EventDate "2013.05.18"]

1. e4 e5 2. Nf3 Nc6 3. Bb5 a6 4. Ba4 Nf6 5. O-O b5 6. Bb3 Be7 7. Re1 O-O 8. c3
d5 9. d4 exd4 10. e5 Ne4 11. cxd4 Bg4 12. a3 Bxf3 13. gxf3 Ng5 14. f4 Ne6 15.
Be3 Na5 16. Bc2 f5 17. exf6 Rxf6 18. Qh5 g6 19. Qg4 Ng7 20. Nd2 Nc4 21. Nxc4
bxc4 22. b3 cxb3 23. Bxb3 Rb8 24. Rab1 Rfb6 25. Bc2 Rxb1 26. Rxb1 Rxb1+ 27.
Bxb1 Bxa3 28. f5 Qd7 29. Bh6 Nxf5 30. Bd2 Qe6 31. Bd3 Bb2 32. Qg5 Qe7 33. Qxe7
Nxe7 34. Bxa6 Bxd4 35. Bb7 Bf6 36. Bf4 d4 37. Bxc7 Nf5 38. Be4 Kf7 39. Kf1 Ke6
40. Ke2 Be5 41. Bb6 Nd6 42. Bd3 Kd5 43. h3 Nc4 44. Ba7 Nb2 45. Bb6 Na4 46. Ba5
Nc5 47. Bb4 Ne6 48. Bd2 Bf4 49. Ba5 Bc1 50. Ba6 Nc5 51. Bd3 Bb2 52. Bc7 Ne6 53.
Bg3 Ng5 54. h4 Ne6 55. h5 gxh5 56. Bxh7 Ng7 1/2-1/2

[Event "DEM U14 2013"]
[Site "Oberhof GER"]
[Date "2013.05.24"]
[Round "8"]
[White "Rinck, Michael"]
[Black "Lai Hop, Long"]
[Result "1-0"]
[Termination "normal"]
[Board "17"]
[WhiteElo "1820"]
[BlackElo "1659"]
[PlyCount "85"]
[WhiteFideId "24690104"]
[BlackFideId "12942707"]
[EventCountry "GER"]
[EventRounds "9"]
[EventType "swiss"]
[EventDate "2013.05.18"]

1. e4 c5 2. d4 cxd4 3. c3 d3 4. Bxd3 Nc6 5. Nf3 d6 6. O-O e6 7. Bf4 Be7 8. Bc2
Nf6 9. Na3 O-O 10. Nb5 e5 11. Bg5 Ne8 12. Bxe7 Qxe7 13. Qd2 a6 14. Na3 Bg4 15.
Nc4 Bxf3 16. gxf3 Qc7 17. Ne3 Ne7 18. Kh1 Kh8 19. Rg1 Ng6 20. Nd5 Qd8 21. Qg5
Qxg5 22. Rxg5 h6 23. Rgg1 Rc8 24. Rad1 b5 25. Bb3 Rd8 26. Rd3 Rd7 27. Nb6 Rb7
28. Nd5 Rd7 29. a4 Kh7 30. axb5 axb5 31. Nb6 Rb7 32. Nc8 Rd7 33. Rgd1 Nh4 34.
Nxd6 Nxf3 35. Nxe8 Rxd3 36. Rxd3 Ng5 37. Nd6 Rd8 38. Rd1 Rd7 39. Kg2 Kg6 40. f3
b4 41. cxb4 Rd8 42. Nxf7 Rxd1 43. Nxe5+ 1-0

[Event "DEM U14 2013"]
[Site "Oberhof GER"]
[Date "2013.05.24"]
[Round "8"]
[White "Schmidt, Daniel"]
[Black "Scheinhütte, Jakob"]
[Result "0-1"]
[Termination "normal"]
[Board "18"]
[WhiteElo "1731"]
[BlackElo "1722"]
[PlyCount "108"]
[WhiteFideId "12931349"]
[BlackFideId "24693944"]
[EventCountry "GER"]
[EventRounds "9"]
[EventType "swiss"]
[EventDate "2013.05.18"]

1. e4 e6 2. d4 d5 3. exd5 exd5 4. Nf3 Bd6 5. c4 Nf6 6. Nc3 O-O 7. cxd5 Nbd7 8.
Be2 Nb6 9. Bg5 Be7 10. Bxf6 Bxf6 11. Qb3 Bg4 12. O-O g6 13. h3 Bf5 14. Rac1 a6
15. Ne5 Re8 16. f4 Re7 17. Bf3 Bg7 18. Bg4 Bxg4 19. hxg4 Rb8 20. Rf2 Qd6 21. g5
Rd8 22. Rd1 Nxd5 23. Qxb7 Nxc3 24. bxc3 Bxe5 25. fxe5 Rxe5 26. Rdf1 Re7 27. Rf6
Qg3 28. Qb3 Rdd7 29. Rxa6 Qxg5 30. Raf6 Re2 31. Qb7 Qe3+ 32. R1f2 Rxf2 33. Rxf2
Qe1+ 34. Rf1 Qe3+ 35. Kh2 Qh6+ 36. Kg3 Re7 37. Qc8+ Kg7 38. Qh3 Re3+ 39. Rf3
Rxf3+ 40. Kxf3 Qd2 41. Ke4 Qxa2 42. Ke5 Qe2+ 43. Kd5 Qb5+ 44. Ke4 Qc4 45. Ke5
h5 46. d5 c6 47. Qf3 cxd5 48. Qf6+ Kg8 49. Qf3 Qc5 50. g4 d4+ 51. Kf6 Qd6+ 52.
Kg5 Qe5+ 53. Kh4 dxc3 54. g5 Qh2+ 0-1

[Event "DEM U14 2013"]
[Site "Oberhof GER"]
[Date "2013.05.24"]
[Round "8"]
[White "Goderbauer, Benedikt"]
[Black "Cegielka, Michael"]
[Result "1-0"]
[Termination "normal"]
[Board "19"]
[WhiteElo "1738"]
[BlackElo "1597"]
[PlyCount "105"]
[WhiteFideId "12967467"]
[BlackFideId "1270507"]
[EventCountry "GER"]
[EventRounds "9"]
[EventType "swiss"]
[EventDate "2013.05.18"]

1. e4 c5 2. Nc3 Nc6 3. Bb5 Nd4 4. Bc4 e6 5. f4 a6 6. a4 Ne7 7. d3 d5 8. Ba2 b5
9. Nf3 Bb7 10. exd5 exd5 11. Nxd4 cxd4 12. Ne2 Nf5 13. O-O Bc5 14. Bb3 O-O 15.
axb5 axb5 16. Rxa8 Bxa8 17. g4 Nd6 18. h3 Re8 19. f5 Nb7 20. Nf4 Na5 21. Ba2
Bb4 22. Bd2 Qd6 23. Re1 Rxe1+ 24. Qxe1 Bxd2 25. Qxd2 b4 26. Qe2 Kf8 27. Qf3 b3
28. Bxb3 Nxb3 29. cxb3 Qb4 30. Qf2 Ke7 31. Qe2+ Kd7 32. Nh5 Qxb3 33. Nxg7 Qb8
34. Nh5 Qd6 35. Kg2 Bc6 36. g5 Kc7 37. f6 Bb5 38. Kf3 Qd7 39. Nf4 Kd6 40. Qe1
Qc7 41. Qb4+ Qc5 42. Qxc5+ Kxc5 43. h4 Bd7 44. h5 Be8 45. Ne2 Kd6 46. Kf4 Bb5
47. Nxd4 Bxd3 48. b4 Bb1 49. b5 Kc5 50. Ke5 Be4 51. b6 Kxb6 52. Kd6 Kb7 53. Ke7
1-0

[Event "DEM U14 2013"]
[Site "Oberhof GER"]
[Date "2013.05.24"]
[Round "8"]
[White "Karsay, Pascal"]
[Black "Killgus, Leonard"]
[Result "0-1"]
[Termination "normal"]
[Board "20"]
[WhiteElo "1693"]
[BlackElo "1662"]
[PlyCount "59"]
[WhiteFideId "12953474"]
[BlackFideId "12922021"]
[EventCountry "GER"]
[EventRounds "9"]
[EventType "swiss"]
[EventDate "2013.05.18"]

1. e4 e5 2. Nf3 Nc6 3. Bc4 Nf6 4. d3 Bc5 5. O-O d6 6. c3 O-O 7. Bb3 Bb6 8. h3
Ne7 9. Be3 Ng6 10. Bc2 Qe7 11. Re1 Nh5 12. d4 Nhf4 13. Nbd2 Bd7 14. Nf1 Rad8
15. Ng3 Qf6 16. Nf5 Bxf5 17. exf5 Ne7 18. g4 Ned5 19. h4 Rde8 20. g5 Qd8 21. a3
f6 22. Kh1 fxg5 23. Nxg5 h6 24. Bxf4 Nxf4 25. Nf3 Kh8 26. Qd2 Qf6 27. Re4 Qxf5
28. Rg1 Qh3+ 29. Nh2 Qxh4 30. Qd3 0-1

[Event "DEM U14 2013"]
[Site "Oberhof GER"]
[Date "2013.05.24"]
[Round "8"]
[White "Venukumar, Danny"]
[Black "Ronge, Tim"]
[Result "1/2-1/2"]
[Termination "normal"]
[Board "21"]
[WhiteElo "1470"]
[BlackElo "1604"]
[PlyCount "60"]
[WhiteFideId "12939811"]
[BlackFideId "12955418"]
[EventCountry "GER"]
[EventRounds "9"]
[EventType "swiss"]
[EventDate "2013.05.18"]

1. Nf3 Nf6 2. b3 d5 3. e3 c5 4. Bb2 e6 5. Be2 Nc6 6. Bb5 Bd6 7. Bxc6+ bxc6 8.
Ne5 Qc7 9. f4 Ba6 10. d3 O-O 11. O-O Qb6 12. Nd2 c4 13. Re1 cxd3 14. Nxd3 Be7
15. Ne5 Rfd8 16. Ng4 Nxg4 17. Qxg4 g6 18. Qh3 Bf8 19. Nf3 Bc8 20. Qh4 Bg7 21.
Bxg7 Kxg7 22. Ne5 f6 23. Ng4 Rf8 24. Qh6+ Kg8 25. Qh4 Qd8 26. Rad1 f5 27. Qxd8
Rxd8 28. Ne5 Bb7 29. Rd2 c5 30. Red1 Rd6 1/2-1/2

[Event "DEM U14 2013"]
[Site "Oberhof GER"]
[Date "2013.05.24"]
[Round "8"]
[White "Gröbel, Aaron"]
[Black "Tiarks, Jann-Christian"]
[Result "1/2-1/2"]
[Termination "normal"]
[Board "22"]
[WhiteElo "1720"]
[BlackElo "1535"]
[PlyCount "70"]
[WhiteFideId "12914851"]
[BlackFideId "12951595"]
[EventCountry "GER"]
[EventRounds "9"]
[EventType "swiss"]
[EventDate "2013.05.18"]

1. e4 e6 2. d4 d5 3. Nd2 dxe4 4. Nxe4 Nd7 5. Bd3 Ngf6 6. Nf3 Be7 7. O-O O-O 8.
c3 b6 9. Re1 Bb7 10. Qc2 c5 11. Bg5 Nxe4 12. Bxe7 Qxe7 13. Bxe4 Bxe4 14. Qxe4
cxd4 15. Nxd4 Nc5 16. Qg4 Qf6 17. Rad1 Rac8 18. Re3 Rfd8 19. Rde1 Qg6 20. Qxg6
hxg6 21. h3 Rc7 22. R1e2 Rcc8 23. g4 Nb7 24. f4 Nd6 25. Kf2 Nc4 26. Rf3 Na5 27.
f5 gxf5 28. gxf5 exf5 29. Nxf5 Rc7 30. Rf4 Rc4 31. Ne7+ Kf8 32. Rf5 Nc6 33.
Ng6+ Kg8 34. Ne7+ Kf8 35. Ng6+ Kg8 1/2-1/2